000 00794nam a2200241Ia 4500
003 GCL
005 20240530110854.0
008 140319s9999 xx 000 0 ara d
040 _aGCL /
_cGCL
082 0 4 _a613.12
_bهـ ج
100 1 _aهانز ، كارول
245 1 0 _aجسمك هو طبيبك الافضل /
_cتاليف كارول هانز ؛ ترجمة مركز التعريب والبرمجة
260 _aبيروت :
_bالدار العربية للعلوم ،
_c1992
300 _a229 ص ؛
_c24 سم
490 _aالسلسلة الصحية
_v0
650 0 4 _aالطب
650 0 4 _aالامراض
650 0 4 _aالجسم
650 0 4 _aالصداع
650 0 4 _aالراس
700 1 _aمركز التعريب والبرمجة
_eمترجم
942 _2ddc
_cBK
999 _c66001
_d66001